00422 2200157 4500001002100000005001500021035002000036245007300056100002100129300001200150260004600162082000800208084001400216020002200230990001200252INLIS00000000000251620250604114143 a0010-06250001021 aSuper Modul KSN Geografi 4 :bBank Soal Geografi /cRonaldo Abubakar0 aRonaldo Abubakar a230 hlm aJakarta :bPT. Jakarta Sains Media,c2022 a900 a900 RON s a978-623-6111-42-0 a0754859